Type the missing letter - U.S. States - Statistics

General Stats
  • This quiz has been taken 67 times
  • The average score is 13 of 20
Answer Stats
US State % Correct
Pennsyl{v}ania
94%
Ala{b}ama
85%
North {D}akota
80%
Ken{t}ucky
78%
New {J}ersey
78%
Geo{r}gia
77%
Wyo{m}ing
76%
Ida{h}o
75%
Nebr{a}ska
75%
New Ham{p}shire
75%
Io{w}a
74%
Te{x}as
74%
Ari{z}ona
73%
{K}ansas
71%
Min{n}esota
71%
Sou{t}h Dakota
71%
No{r}th Carolina
70%
Ha{w}aii
69%
West Vir{g}inia
69%
M{o}ntana
68%
New {Y}ork
68%
Col{o}rado
67%
Mas{s}achusetts
67%
Orego{n}
65%
Tennes{s}ee
65%
Ver{m}ont
65%
Main{e}
63%
Okl{a}homa
63%
Ill{i}nois
62%
Was{h}ington
61%
Conne{c}ticut
60%
{F}lorida
60%
Misso{u}ri
60%
Lo{u}isiana
59%
Alas{k}a
58%
Mar{y}land
58%
Michi{g}an
58%
Arkan{s}as
57%
Cali{f}ornia
57%
South Caro{l}ina
57%
Rhod{e} Island
56%
{U}tah
56%
In{d}iana
53%
Ne{v}ada
53%
De{l}aware
50%
O{h}io
50%
Wis{c}onsin
50%
New Me{x}ico
47%
Virg{i}nia
46%
Miss{i}ssippi
40%
No matching quizzes found
Score Distribution
Percent of People with Each Score
Percentile by Number Answered
Your Score History
You have not taken this quiz